PRINCIPLES & APPLICATIONS OF BIOCHEMISTRY IN MEDICINE (Record no. 6890)

MARC details
000 -LEADER
fixed length control field 00388nam a2200145Ia 4500
008 - FIXED-LENGTH DATA ELEMENTS--GENERAL INFORMATION
fixed length control field 150301s2013 xx 000 0 und d
082 ## - DEWEY DECIMAL CLASSIFICATION NUMBER
Classification number 612.015
Item number P2013R
100 ## - MAIN ENTRY--PERSONAL NAME
Personal name RAFI
245 ## - TITLE STATEMENT
Title PRINCIPLES & APPLICATIONS OF BIOCHEMISTRY IN MEDICINE
250 ## - EDITION STATEMENT
Edition statement 1ST
260 ## - PUBLICATION, DISTRIBUTION, ETC. (IMPRINT)
Name of publisher, distributor, etc. PATH FINDER MEDICAL PUBLISHERS
Place of publication, distribution, etc. HYDERABAD
Date of publication, distribution, etc. 2013
300 ## - PHYSICAL DESCRIPTION
Extent 1-722
650 ## - SUBJECT ADDED ENTRY--TOPICAL TERM
Topical term or geographic name as entry element BIOCHEMISTRY
942 ## - ADDED ENTRY ELEMENTS (KOHA)
Source of classification or shelving scheme Dewey Decimal Classification
Koha item type Books
Holdings
Withdrawn status Lost status Source of classification or shelving scheme Damaged status Not for loan Home library Current library Date acquired Source of acquisition Cost, normal purchase price Serial Enumeration / chronology SGTU Bill Number Total Checkouts Full call number Barcode Date last seen Bill Date Koha item type
    Dewey Decimal Classification     SGT Dental Library SGT Dental Library 02/07/2015 PATHFINDER MEDICAL 795.00 1 SGTU 4213   612.015 P2013R FD7149 02/07/2015 23/01/2014 Books